Every All-Star in the Golden State Warriors - Statistics

General Stats
  • This quiz has been taken 20 times
  • The average score is 15 of 31
Answer Stats
Year(s) Answer % Correct
2016-2018, 2022 Draymond Green
100%
2015-2019 Klay Thompson
100%
2014-2019, 2021-2023 Stephen Curry
100%
2022 Andrew Wiggins
94%
1989-1993 Chris Mullin
94%
2017-2019 Kevin Durant
94%
1960-1961, 1963-1965 Wilt Chamberlain
89%
1966-1967, 1973-1978 Rick Barry
72%
1991-1993 Tim Hardaway
67%
1965-1968, 1970, 1973-1974 Nate Thurmond
61%
1951-1952, 1955-1961 Paul Arizin
61%
1968 Clyde Lee
56%
2013 David Lee
56%
1987 Joe Barry Carroll
44%
1994, 1997 Latrell Sprewell
44%
1951-1952 Joe Fulks
33%
1953-1958 Neil Johnston
33%
1976-1977 Phil Smith
33%
1987 Sleepy Floyd
33%
1976 Jamaal Wilkes
28%
1982 Bernard King
22%
1968 Jim King
22%
1968-1969 Rudy LaRusso
22%
1972 Cazzie Russell
17%
1963-1964, 1966 Guy Rodgers
17%
1969-1971 Jeff Mullins
17%
1951-1952 Andy Phillip
11%
1971 Jerry Lucas
11%
1963 Tom Meschery
11%
1956-1957 Jack George
6%
1959 Woody Sauldsbury
0%
No matching quizzes found
Score Distribution
Percent of People with Each Score
Percentile by Number Answered
Your Score History
You have not taken this quiz